000 01031nam a2200253 a 4500
001 2020704
003 AM-YEHGA
005 20251029152111.0
008 250530s2023 tu a||||||||||00||||arm|d
020 _a978-605-5276-25-6
040 _aAM-YEHGA
_cAM-YEHGA
041 1 _aarm
_htu
245 0 0 _aՄուշ :
_bՎտանգված ճարտարապետական ժառանգություն /
_cԽմբ.՝ Մուստաֆա Աքչաօզ, Էլմոն Հանչեր, Արփինե Ասրյան ; Թարգմ.՝ Վարդուհի Բալյան.
260 _aՍտամբուլ :
_bԱ. հ.,
_c2023
300 _a133 էջ :
_bնկ.
440 0 _aAnadolu kültür
650 1 4 _aՀայոց պատմություն
_zՄուշ
650 1 0 _aՃարտարապետություն
_zՀայաստան
_95872
700 1 _aԱքչաօզ, Մուստաֆա
_eխմբ.
_4edt
700 1 _aՀանչեր, Էլմոն
_eխմբ.
_4edt
700 1 _aԱսրյան, Արփինե
_eխմբ.
_4edt
700 1 _aԲալյան, Վարդուհի
_eթարգմ.
_4trl
942 _2udc
_cBK
999 _c535045
_d535045